Fanny a Alexander

Bibliographic Details
Main Author: Bergman, Ingmar, 1918-2007 (Author)
Other Authors: Černík, Zbyněk, 1951- (Translator)
Format: Book
Language:Czech
PhysicalDescription:166 str.
Published: Praha MF 1988
Edition:1.
Series:Máj zv.514
Subjects:

MARC

LEADER 00000nam a2200000 a 4500
001 vtls008238429
003 SK-MaSNL
005 20260302074105.0
008 240318s1988 xr 000 0 cze
035 |a SVKPOKN049908 
040 |a SNK  |b slo  |c SNK  |e AACR2 
041 0 |a cze 
044 |a xr  |c CZ 
080 |a 839.7-2=85  |2 1981 
100 1 |a Bergman, Ingmar,  |d 1918-2007  |4 aut  |9 39905 
245 1 0 |a Fanny a Alexander  |c Ingmar Bergman; Z. Černík 
250 |a 1. 
260 |a Praha  |b MF  |c 1988 
300 |a 166 str. 
490 0 |a Máj  |v zv.514 
655 7 |a umelecká literatúra  |2 svkpo  |9 60405 
700 1 |a Černík, Zbyněk,  |d 1951-  |4 trl  |9 319628 
958 |a OND 
999 |c 1163665  |d 1165595 
952 |a SNK  |b SNK  |y PREZ  |7 0  |p 17A0490697  |o snkIC 109072 D1  |i snkKIP 8276/88  |3 rekatalogizácia  |0 0  |1 1  |4 0  |d 2005-11-18  |l 0  |r 2026-02-24 20:40:56  |w 2026-02-24 
952 |a SNK  |b SNK  |y PREZ  |7 0  |p 17A0626269  |o snkIC 109072  |i snkKIP 8275/88  |0 0  |1 0  |4 0  |d 2009-07-31  |l 0  |r 2026-02-24 20:40:56  |w 2026-02-24